01397nam a22003615i 4500999001500000003000900015005001700024008004100041020001500082040004300097043001200140082002200152100003300174245012400207264007900331264001000410300004000420336002600460337002800486338002700514504005100541600004100592600003100633600002300664600003000687600004300717600002600760650006600786651001000852653002700862942001200889952013400901 c1720d1720EG-ScBUE20201108130553.0200219t19811981ncu f b 001 0 eng d a0807814679 aEG-ScBUEbengerdacEG-ScBUEdEG-ScBUE an-us---04a813.5209bHIC2221 aHicks, Jack,d1942-eauthor.10aIn the singer's temple :bprose fictions of Barthelme, Gaines, Brautigan, Piercy, Kesey, and Kosinski /cby Jack Hicks. 1aChapel Hill, North Carolina :bUniversity of North Carolina Press,c[1981] 4cc1981 a293 pages :billustrations ;c21 cm atextbtxt2rdacontent aunmediatedbn2rdamedia avolumebnc2rdacarrier aIncludes bibliographical references and index.17aKosinski, Jerzy, d1933-1991.2BUEsh17aBrautigan, Richard.2BUEsh17aKesey, Ken.2BUEsh17aBarthelme, Donald.2BUEsh17aGaines, Ernest J., d1933-2019.2BUEsh17aPiercy, Marge.2BUEsh 7aAmerican fictiony20th centuryxHistory and criticism.2BUEsh 2BUEsh bHHUUEENNcNovember2020 cBB2ddc 00104070aMAINbMAINc2NDd2006-12-11ePurchasel1m2o813.5209 HICp000002597r2025-07-15 00:00:00s2014-11-05w2006-12-11yBB